| 000 | 00629nam a22001937a 4500 | ||
|---|---|---|---|
| 005 | 20150421105528.0 | ||
| 010 | _aENG-112311 | ||
| 020 |
_a9781138018853 _c495.00 |
||
| 035 | _aEN-95843 | ||
| 037 | _bDBAD/PUB | ||
| 082 | _a351.54 | ||
| 100 | _aMathur, B.P. | ||
| 245 |
_aEthics for governance : _cby B.P. Mathur _breinventing public services / |
||
| 260 |
_aNew Delhi _bRoutledge _c2014 |
||
| 270 |
_a912,Tolstoy House, 15-17 Tolstoy Marg, Connaught Place _bNew Delhi _e110001 |
||
| 300 |
_axii,396p. _c22cm(pbk) |
||
| 500 | _aIncludes bibliographical references and index | ||
| 942 |
_2ddc _cEN _mMAT _h351.54 |
||
| 999 |
_c91990 _d91990 |
||